[Event "Budapest-chT1 Lilienthal 1718"]
[Site "Budapest"]
[Date "2017.12.10"]
[Round "5"]
[White "Havasi, Janos"]
[Black "Braun, Marton"]
[Result "1/2-1/2"]
[WhiteElo "2136"]
[BlackElo "2181"]
[PlyCount "77"]
[EventDate "2017.10.01"]
[EventType "team-tourn"]
[EventRounds "13"]
[EventCountry "HUN"]
[SourceTitle "EXT 2021"]
[Source "ChessBase"]
[SourceDate "2020.10.23"]
[SourceVersion "1"]
[SourceVersionDate "2020.10.23"]
[SourceQuality "1"]
[WhiteTeam "Budapest Vasas II"]
[BlackTeam "SENSE"]
[WhiteTeamCountry "HUN"]
[BlackTeamCountry "HUN"]

1. e4 Nf6 2. e5 Nd5 3. d4 d6 4. c4 Nb6 5. exd6 cxd6 6. Nc3 Bf5 7. Nf3 e6 8. Bd3 Bxd3 9. Qxd3 Be7 10. 0-0 0-0 11. Bf4 a6 12. b3 d5 13. c5 Nc8 14. b4 Nc6 15. a3 Bf6 16. Rfe1 N8e7 17. Bd6 Re8 18. b5 Na5 19. Be5 Nf5 20. Bxf6 Qxf6 21. Ne5 Nb3 22. Nxd5 exd5 23. Qxb3 Nxd4 24. Qxd5 Nc2 25. Nd7 Qc3 26. Rxe8+ Rxe8 27. Rf1 Re1 28. g3 Rxf1+ 29. Kxf1 Qe1+ 30. Kg2 Qe2 31. Kh3 Qf1+ 32. Kh4 Qxf2 33. h3 Ne3 34. Qe5 Ng2+ 35. Kg4 Ne3+ 36. Kh4 Nf5+ 37. Kg4 Ne3+ 38. Kh4 Ng2+ 39. Kg4 1/2-1/2

[Event "HUN-chT2 Barcza 1415"]
[Site "Hungary"]
[Date "2015.01.11"]
[Round "?"]
[White "Braun, Marton"]
[Black "Hera, Imre Jr"]
[Result "0-1"]
[WhiteElo "2212"]
[BlackElo "2565"]
[PlyCount "60"]
[EventDate "2014.09.07"]
[EventType "team-tourn"]
[EventRounds "11"]
[EventCountry "HUN"]
[SourceTitle "EXT 2016"]
[Source "ChessBase"]
[SourceDate "2015.10.08"]
[SourceVersion "1"]
[SourceVersionDate "2015.10.08"]
[SourceQuality "1"]
[WhiteTeam "Debrecen Sakkbaratok"]
[BlackTeam "Miskolc Sakkiskola"]
[WhiteTeamCountry "HUN"]
[BlackTeamCountry "HUN"]

1. d4 Nf6 2. c4 e6 3. Nf3 d5 4. cxd5 exd5 5. Nc3 c6 6. Bg5 h6 7. Bh4 Bf5 8. e3 Nbd7 9. Bd3 Bxd3 10. Qxd3 Be7 11. 0-0 0-0 12. Rab1 a5 13. Nd2 Re8 14. f3 Nf8 15. Bf2 Ng6 16. g3 Qd7 17. Kg2 Nh7 18. h4 Nf6 19. Rh1 a4 20. Ne2 h5 21. Rhe1 Bd6 22. Nf1 Re6 23. Nf4 Nxf4+ 24. exf4 Rae8 25. Re5 Bxe5 26. fxe5 Nh7 27. f4 g6 28. f5 gxf5 29. Qxf5 f6 30. Re1 Qf7 0-1

[Event "HUN-chT2 Barcza 1415"]
[Site "Hungary"]
[Date "2014.11.30"]
[Round "5.1"]
[White "Eberth, Zoltan"]
[Black "Braun, Marton"]
[Result "1/2-1/2"]
[WhiteElo "2128"]
[BlackElo "2212"]
[PlyCount "21"]
[EventDate "2014.09.07"]
[EventType "team-tourn"]
[EventRounds "11"]
[EventCountry "HUN"]
[SourceTitle "EXT 2016"]
[Source "ChessBase"]
[SourceDate "2015.10.08"]
[SourceVersion "1"]
[SourceVersionDate "2015.10.08"]
[SourceQuality "1"]
[WhiteTeam "Mezokovesd"]
[BlackTeam "Debrecen Sakkbaratok"]
[WhiteTeamCountry "HUN"]
[BlackTeamCountry "HUN"]

1. e4 Nf6 2. Nc3 d5 3. e5 Nfd7 4. d4 c5 5. f4 cxd4 6. Nce2 e6 7. Nf3 Nc6 8. Nexd4 Be7 9. Be2 0-0 10. 0-0 Qb6 11. Kh1 1/2-1/2

[Event "HUN-chT2 Maroczy 1314"]
[Site "Hungary"]
[Date "2013.11.17"]
[Round "5"]
[White "Mokcsay, Robert"]
[Black "Braun, Marton"]
[Result "1-0"]
[WhiteElo "2277"]
[BlackElo "2216"]
[PlyCount "83"]
[EventDate "2013.09.08"]
[EventType "team-tourn"]
[EventRounds "11"]
[EventCountry "HUN"]
[SourceTitle "EXT 2016"]
[Source "ChessBase"]
[SourceDate "2015.10.08"]
[SourceVersion "1"]
[SourceVersionDate "2015.10.08"]
[SourceQuality "1"]
[WhiteTeam "Penzugyor II"]
[BlackTeam "Debrecen SBK"]
[WhiteTeamCountry "HUN"]
[BlackTeamCountry "HUN"]

1. c4 Nf6 2. Nc3 d6 3. g3 g6 4. Bg2 Bg7 5. e4 0-0 6. Nge2 c5 7. 0-0 Nc6 8. f4 Be6 9. b3 Qd7 10. Bb2 Bh3 11. d3 Bxg2 12. Kxg2 a6 13. Qd2 e6 14. h3 Rab8 15. Rad1 b5 16. Qe3 Qb7 17. Rd2 Nd4 18. g4 h5 19. Kg3 hxg4 20. hxg4 bxc4 21. dxc4 e5 22. f5 Qd7 23. Nd5 Nxd5 24. cxd5 gxf5 25. gxf5 f6 26. Bxd4 cxd4 27. Qf3 Bh6 28. Rc2 Qg7+ 29. Kh3 Be3 30. Ng3 Rbc8 31. Qe2 Qh6+ 32. Kg2 Kf7 33. Rh1 Qg7 34. Rc6 Rg8 35. Rh3 Bf4 36. Qxa6 Rxc6 37. dxc6 Bxg3 38. Qb7+ Kf8 39. Qc8+ Kf7 40. Qe6+ Kf8 41. Qxd6+ Ke8 42. Rh7 1-0

[Event "HUN-chT2 Maroczy 1213"]
[Site "Hungary"]
[Date "2012.11.04"]
[Round "3"]
[White "Braun, Marton"]
[Black "Egyed, Gabor"]
[Result "1-0"]
[WhiteElo "2235"]
[BlackElo "2029"]
[PlyCount "51"]
[EventDate "2012.09.16"]
[EventType "team-tourn"]
[EventRounds "11"]
[EventCountry "HUN"]
[SourceTitle "EXT 2014"]
[Source "ChessBase"]
[SourceDate "2013.11.20"]
[SourceVersion "1"]
[SourceVersionDate "2013.11.20"]
[SourceQuality "1"]
[WhiteTeam "Debrecen"]
[BlackTeam "Karcag"]
[WhiteTeamCountry "HUN"]
[BlackTeamCountry "HUN"]

1. d4 Nf6 2. c4 e6 3. Nc3 c5 4. d5 exd5 5. cxd5 d6 6. e4 g6 7. h3 Bg7 8. Bd3 a6 9. a4 Nbd7 10. Nge2 0-0 11. 0-0 Rb8 12. Bg5 Qc7 13. Kh1 Re8 14. f4 c4 15. Bc2 b5 16. axb5 axb5 17. e5 dxe5 18. f5 b4 19. Ne4 Nxe4 20. Bxe4 Qd6 21. Ng3 Bb7 22. Qf3 Rf8 23. f6 Bh8 24. Nf5 gxf5 25. Qxf5 Nxf6 26. Bxf6 1-0

[Event "HUN-chT2 Barcza 1112 "]
[Site "Hungary"]
[Date "2012.04.22"]
[Round "9"]
[White "Eberth, Zoltan"]
[Black "Braun, Marton"]
[Result "1/2-1/2"]
[WhiteElo "2249"]
[BlackElo "2284"]
[PlyCount "144"]
[EventDate "2011.09.25"]
[EventType "team-tourn"]
[EventRounds "11"]
[EventCountry "HUN"]
[SourceTitle "EXT 2013"]
[Source "ChessBase"]
[SourceDate "2012.11.22"]
[SourceVersion "1"]
[SourceVersionDate "2012.11.22"]
[SourceQuality "1"]
[WhiteTeam "Mezokovesd"]
[BlackTeam "Debrecen Sakkbaratok"]
[WhiteTeamCountry "HUN"]
[BlackTeamCountry "HUN"]

1. e4 c5 2. Nf3 Nc6 3. Bb5 e6 4. 0-0 Nge7 5. Re1 a6 6. Bf1 d5 7. exd5 Nxd5 8. d4 Nf6 9. c3 cxd4 10. cxd4 Be7 11. Nc3 0-0 12. Bg5 b5 13. a3 Bb7 14. Rc1 Rc8 15. h3 b4 16. axb4 Nxb4 17. Ne5 Nfd5 18. Bxe7 Qxe7 19. Ne4 Rxc1 20. Qxc1 Rd8 21. Nc5 a5 22. Bb5 Nf6 23. Ned7 Bd5 24. Qg5 h6 25. Nxf6+ Qxf6 26. Qxf6 gxf6 27. Ra1 Ra8 28. Nd7 Kg7 29. Nb6 Nc2 30. Rc1 Rb8 31. Nd7 Rxb5 32. Rxc2 Rb4 33. Rd2 Bc6 34. Nc5 Kf8 35. f3 Ke7 36. Kf2 f5 37. Ke3 Kd6 38. Rc2 a4 39. g4 f4+ 40. Kxf4 e5+ 41. Kf5 exd4 42. Ne4+ Kc7 43. Ke5 d3 44. Rd2 Bb5 45. h4 Kc6 46. h5 Bc4 47. f4 Rb8 48. Nf6 Rb7 49. g5 hxg5 50. fxg5 Kc5 51. Ne4+ Kb4 52. h6 Re7+ 53. Kd4 Rd7+ 54. Ke3 Rd8 55. Nf6 Kc5 56. h7 Rh8 57. Rh2 Kd6 58. Kd4 Bb5 59. Rh6 Ke7 60. Nd5+ Kf8 61. Nc3 d2 62. Ke3 Kg7 63. Kxd2 Bd7 64. Nd5 Bf5 65. Nf6 Bxh7 66. Nh5+ Kf8 67. Ke3 Kg8 68. Ra6 Bc2 69. Ra8+ Kh7 70. Ra7 Bb3 71. Nf4 Re8+ 72. Kd4 Kg8 1/2-1/2

[Event "HUN-chT2 Maroczy 1011"]
[Site "Hungary"]
[Date "2011.05.15"]
[Round "11"]
[White "Braun, Marton"]
[Black "Berebora, Ferenc"]
[Result "0-1"]
[WhiteElo "2284"]
[BlackElo "2414"]
[PlyCount "106"]
[EventDate "2010.09.12"]
[EventType "team-tourn"]
[EventRounds "11"]
[EventCountry "HUN"]
[SourceTitle "EXT 2012"]
[Source "ChessBase"]
[SourceDate "2011.11.24"]
[SourceVersion "1"]
[SourceVersionDate "2011.11.24"]
[SourceQuality "1"]
[WhiteTeam "Debrecen SBE"]
[BlackTeam "Kisujszallas"]
[WhiteTeamCountry "HUN"]
[BlackTeamCountry "HUN"]

1. d4 e6 2. c4 Bb4+ 3. Nc3 f5 4. a3 Bxc3+ 5. bxc3 Nf6 6. Nf3 0-0 7. g3 b6 8. Bg2 Bb7 9. 0-0 Be4 10. Nd2 Bxg2 11. Kxg2 c5 12. f3 Nc6 13. Nb3 d6 14. Qd3 Qe8 15. Bg5 Qh5 16. h4 h6 17. Bxf6 Rxf6 18. f4 Rd8 19. Qf3 Qxf3+ 20. Kxf3 Rf7 21. a4 cxd4 22. cxd4 Rc7 23. Rfc1 Rdc8 24. a5 Ne7 25. axb6 axb6 26. Ra6 Rxc4 27. Rxc4 Rxc4 28. Rxb6 Nd5 29. Rb8+ Kf7 30. Na5 Rxd4 31. Nc6 Rc4 32. Rb7+ Ke8 33. Na7 Rc3+ 34. Kf2 Rc7 35. Nb5 Rd7 36. Rb8+ Kf7 37. Kf3 Nf6 38. Rb6 Ke7 39. Nd4 Rc7 40. Nb5 Rd7 41. Nd4 h5 42. Rb8 Rc7 43. Nb5 Rc4 44. Rb7+ Nd7 45. e3 e5 46. fxe5 dxe5 47. Nc7 Rc2 48. Nd5+ Kd6 49. e4 fxe4+ 50. Ke3 Nc5 51. Nb4 Rc3+ 52. Kd2 Rxg3 53. Rb6+ Kd7 0-1

[Event "HUN-chT2 Maroczy 1011"]
[Site "Hungary"]
[Date "2011.05.01"]
[Round "10"]
[White "Horvath, Andras"]
[Black "Braun, Marton"]
[Result "1-0"]
[WhiteElo "2287"]
[BlackElo "2284"]
[PlyCount "60"]
[EventDate "2010.09.12"]
[EventType "team-tourn"]
[EventRounds "11"]
[EventCountry "HUN"]
[SourceTitle "EXT 2012"]
[Source "ChessBase"]
[SourceDate "2011.11.24"]
[SourceVersion "1"]
[SourceVersionDate "2011.11.24"]
[SourceQuality "1"]
[WhiteTeam "MLTC II"]
[BlackTeam "Debrecen SBE"]
[WhiteTeamCountry "HUN"]
[BlackTeamCountry "HUN"]

1. d4 Nf6 2. c4 a6 3. Nf3 c5 4. g3 g6 5. Bg2 Bg7 6. 0-0 cxd4 7. Nxd4 0-0 8. b3 d5 9. cxd5 Nxd5 10. Bb2 e5 11. Nb5 Nb4 12. Nd6 N8c6 13. Nc3 Nc2 14. Rc1 N2d4 15. Nxc8 Rxc8 16. e3 Nf5 17. Qxd8 Rfxd8 18. Nd5 h5 19. Rfd1 Kf8 20. Nb6 Rxd1+ 21. Rxd1 Re8 22. Nd7+ Kg8 23. Nc5 Bf8 24. Nxb7 e4 25. a3 Ng7 26. Rc1 Rb8 27. Rxc6 Rxb7 28. Rc3 f5 29. Bf1 Rb6 30. Rc7 Ne8 1-0

[Event "HUN-chT2 Maroczy 1011"]
[Site "Hungary"]
[Date "2011.03.27"]
[Round "7"]
[White "Braun, Marton"]
[Black "Soos, Arpad"]
[Result "0-1"]
[WhiteElo "2284"]
[BlackElo "2400"]
[PlyCount "112"]
[EventDate "2010.09.12"]
[EventType "team-tourn"]
[EventRounds "11"]
[EventCountry "HUN"]
[SourceTitle "EXT 2012"]
[Source "ChessBase"]
[SourceDate "2011.11.24"]
[SourceVersion "1"]
[SourceVersionDate "2011.11.24"]
[SourceQuality "1"]
[WhiteTeam "Debrecen SBE"]
[BlackTeam "TLSE"]
[WhiteTeamCountry "HUN"]
[BlackTeamCountry "HUN"]

1. d4 Nf6 2. c4 g6 3. Nc3 Bg7 4. e4 d6 5. h3 0-0 6. Bg5 c5 7. d5 Qa5 8. Bd2 e6 9. Bd3 exd5 10. cxd5 a6 11. a4 Qc7 12. Nge2 Nbd7 13. 0-0 c4 14. Bc2 Nc5 15. Kh1 Bd7 16. a5 Rfe8 17. Ng3 h5 18. Bg5 b5 19. axb6 Qxb6 20. Rb1 Nh7 21. Be3 Qc7 22. Bd4 Bxd4 23. Qxd4 Qc8 24. Kh2 Bxh3 25. gxh3 Ng5 26. Qe3 Qxh3+ 27. Kg1 Re5 28. f4 h4 29. Nf5 Rxf5 30. Qxh3 Nxh3+ 31. Kh2 Rxf4 32. Kxh3 Rxf1 33. Rxf1 Rb8 34. Nd1 Re8 35. Kxh4 Nxe4 36. Re1 g5+ 37. Kg4 Nf2+ 38. Kf3 Rxe1 39. Kxf2 Re8 40. Ne3 Rc8 41. Ba4 c3 42. bxc3 Rxc3 43. Nf5 Rc5 44. Bc6 Rc2+ 45. Ke3 g4 46. Kf4 Rc4+ 47. Kg3 a5 48. Nxd6 Rb4 49. Nf5 a4 50. d6 a3 51. d7 Rb8 52. Ne7+ Kf8 53. Nc8 Rb3+ 54. Kxg4 Rd3 55. Nb6 Ke7 56. Bd5 Rd2 0-1

[Event "HUN-chT2 Maroczy 1011"]
[Site "Hungary"]
[Date "2010.11.21"]
[Round "6"]
[White "Horvath, Zsolt"]
[Black "Braun, Marton"]
[Result "1-0"]
[WhiteElo "2404"]
[BlackElo "2284"]
[PlyCount "71"]
[EventDate "2010.09.12"]
[EventType "team-tourn"]
[EventRounds "11"]
[EventCountry "HUN"]
[SourceTitle "EXT 2012"]
[Source "ChessBase"]
[SourceDate "2011.11.24"]
[SourceVersion "1"]
[SourceVersionDate "2011.11.24"]
[SourceQuality "1"]
[WhiteTeam "Oroshaza"]
[BlackTeam "Debrecen SBE"]
[WhiteTeamCountry "HUN"]
[BlackTeamCountry "HUN"]

1. e4 e5 2. Nf3 Nc6 3. Bb5 a6 4. Ba4 Nf6 5. d3 b5 6. Bb3 Be7 7. c3 0-0 8. Nbd2 d5 9. 0-0 Bg4 10. h3 Bxf3 11. Nxf3 Qd6 12. Qe2 Rad8 13. Rd1 Rfe8 14. Bg5 d4 15. cxd4 Nxd4 16. Nxd4 Qxd4 17. Rac1 Qb6 18. Qc2 c5 19. Bxf6 Qxf6 20. Bd5 g6 21. a4 b4 22. Qc4 Rb8 23. Re1 Rb6 24. Re3 Qg7 25. a5 Rf6 26. Ra1 Rb8 27. g3 g5 28. Kg2 h5 29. Qc2 Qh6 30. Qe2 Qg6 31. Rf3 Rxf3 32. Qxf3 Kg7 33. Bc4 Rh8 34. Qf5 Qxf5 35. exf5 Ra8 36. Kf3 1-0

[Event "HUN-chT2 Maroczy 1011"]
[Site "Hungary"]
[Date "2010.09.26"]
[Round "2"]
[White "Braun, Marton"]
[Black "Acs, Gabor"]
[Result "1/2-1/2"]
[WhiteElo "2284"]
[BlackElo "2162"]
[PlyCount "94"]
[EventDate "2010.09.12"]
[EventType "team-tourn"]
[EventRounds "11"]
[EventCountry "HUN"]
[SourceTitle "EXT 2012"]
[Source "ChessBase"]
[SourceDate "2011.11.24"]
[SourceVersion "1"]
[SourceVersionDate "2011.11.24"]
[SourceQuality "1"]
[WhiteTeam "Debrecen SBE"]
[BlackTeam "Miskolc EMSE"]
[WhiteTeamCountry "HUN"]
[BlackTeamCountry "HUN"]

1. d4 d5 2. c4 e6 3. Nc3 c6 4. e4 Bb4 5. cxd5 exd5 6. e5 Ne7 7. Bd3 c5 8. a3 Bxc3+ 9. bxc3 Nbc6 10. Ne2 0-0 11. 0-0 Bg4 12. f3 Bf5 13. Ng3 Bxd3 14. Qxd3 cxd4 15. cxd4 Qd7 16. f4 f6 17. Be3 g6 18. Rab1 b6 19. Rbc1 Rac8 20. Bd2 Nf5 21. Nxf5 Qxf5 22. Qxf5 gxf5 23. Bc3 Kf7 24. Kf2 Rg8 25. g3 h5 26. h4 Nd8 27. Rfe1 Re8 28. Ke3 Rg8 29. Kf2 Re8 30. Ke3 fxe5 31. dxe5 Nb7 32. Red1 Ke6 33. Bb4 a5 34. Bc3 Nc5 35. Bd4 Rg8 36. Kf3 Rg7 37. Rb1 Na4 38. Bxb6 Rc3+ 39. Be3 Rgc7 40. Rb5 R7c5 41. Rxc5 Nxc5 42. Rc1 Rxc1 43. Bxc1 d4 44. Bd2 a4 45. Ke2 Kd5 46. Bb4 Ne4 47. Kf3 Ke6 1/2-1/2

[Event "HUN-chT2 Maroczy 1011"]
[Site "Hungary"]
[Date "2010.09.12"]
[Round "1"]
[White "Racz, Zoltan"]
[Black "Braun, Marton"]
[Result "1-0"]
[WhiteElo "2303"]
[BlackElo "2284"]
[PlyCount "91"]
[EventDate "2010.09.12"]
[EventType "team-tourn"]
[EventRounds "11"]
[EventCountry "HUN"]
[SourceTitle "EXT 2012"]
[Source "ChessBase"]
[SourceDate "2011.11.24"]
[SourceVersion "1"]
[SourceVersionDate "2011.11.24"]
[SourceQuality "1"]
[WhiteTeam "Nyiregyhaza"]
[BlackTeam "Debrecen SBE"]
[WhiteTeamCountry "HUN"]
[BlackTeamCountry "HUN"]

1. e4 c5 2. Nf3 Nc6 3. d4 cxd4 4. Nxd4 Nf6 5. Nc3 e5 6. Ndb5 d6 7. Bg5 a6 8. Na3 b5 9. Nd5 Be7 10. Bxf6 Bxf6 11. c4 b4 12. Nc2 a5 13. Be2 0-0 14. 0-0 Bg5 15. Qd3 f5 16. Bf3 f4 17. Rad1 g6 18. Ndxb4 axb4 19. Qd5+ Kg7 20. Qxc6 Ra6 21. Qb5 Rxa2 22. Qxb4 Ra6 23. Qc3 Qb6 24. Nb4 Ra4 25. Nd5 Qc6 26. b3 Ra8 27. Ra1 Be6 28. Rxa8 Rxa8 29. h4 Bxh4 30. Nxf4 Bg8 31. g3 Rf8 32. Nd5 Bxd5 33. exd5 Qc8 34. Kg2 Bf6 35. Be4 h5 36. Qd3 Qg4 37. Qf3 Qg5 38. Qe3 Qg4 39. f3 Qd7 40. Ra1 Rf7 41. Ra6 h4 42. g4 Qc8 43. Rxd6 h3+ 44. Kxh3 Qh8+ 45. Kg2 Qh4 46. g5 1-0

[Event "HUN-chT2 Barcza 0809"]
[Site "Hungary"]
[Date "2009.04.05"]
[Round "10.5"]
[White "Braun, Marton"]
[Black "Nagy, Kalman"]
[Result "1-0"]
[WhiteElo "2241"]
[BlackElo "2055"]
[PlyCount "75"]
[EventDate "2008.10.26"]
[EventType "team-tourn"]
[EventRounds "11"]
[EventCountry "HUN"]
[SourceTitle "EXT 2010"]
[Source "ChessBase"]
[SourceDate "2010.11.25"]
[SourceVersion "1"]
[SourceVersionDate "2010.11.25"]
[SourceQuality "1"]
[WhiteTeam "Nyiregyhaza"]
[BlackTeam "SSASSE"]
[WhiteTeamCountry "HUN"]
[BlackTeamCountry "HUN"]

1. d4 e6 2. c4 b6 3. a3 Bb7 4. d5 Nf6 5. Nc3 exd5 6. cxd5 h6 7. Nf3 a5 8. e4 Bc5 9. Bd3 0-0 10. 0-0 Re8 11. Rb1 Na6 12. h3 Bf8 13. Bc2 Nc5 14. e5 Nh7 15. b4 axb4 16. axb4 Na6 17. Qd3 g6 18. Qc4 Kg7 19. Ne4 Be7 20. Bb2 Kg8 21. Bc3 c6 22. d6 Bg5 23. Nfxg5 hxg5 24. f4 Re6 25. fxg5 Nxg5 26. Nf6+ Rxf6 27. exf6 Qf8 28. Bxg6 Qh6 29. Bf5 c5 30. Qg4 Kh8 31. Kh2 Rg8 32. Rbe1 Nxh3 33. gxh3 Rxg4 34. Bxg4 Qf8 35. Be5 Nxb4 36. Rf5 Nd3 37. Rh5+ Kg8 38. Rg1 1-0

[Event "HUN-chT2 Barcza 0809"]
[Site "Hungary"]
[Date "2008.11.30"]
[Round "3.5"]
[White "Braun, Marton"]
[Black "Landenberger, Laszlo"]
[Result "1-0"]
[WhiteElo "2241"]
[BlackElo "2171"]
[PlyCount "59"]
[EventDate "2008.10.26"]
[EventType "team-tourn"]
[EventRounds "11"]
[EventCountry "HUN"]
[SourceTitle "EXT 2010"]
[Source "ChessBase"]
[SourceDate "2010.11.25"]
[SourceVersion "1"]
[SourceVersionDate "2010.11.25"]
[SourceQuality "1"]
[WhiteTeam "Nyiregyhaza"]
[BlackTeam "Miskolc EMSE II"]
[WhiteTeamCountry "HUN"]
[BlackTeamCountry "HUN"]

1. d4 Nf6 2. c4 e6 3. Nc3 d5 4. Bg5 Nbd7 5. cxd5 exd5 6. e3 c6 7. Bd3 Bb4 8. Qc2 Qa5 9. Nge2 c5 10. 0-0 h6 11. Bf4 c4 12. Bf5 Nf8 13. Ng3 Ne6 14. Be5 Bxc3 15. Bxf6 Bxb2 16. Qxb2 gxf6 17. Nh5 Ke7 18. a4 Rg8 19. Qa3+ Nc5 20. dxc5 Bxf5 21. c6+ Ke6 22. Nf4+ Ke5 23. Qe7+ Be6 24. Nxe6 fxe6 25. f4+ Kf5 26. Qh7+ Kg4 27. h3+ Kh5 28. g4+ Kh4 29. Qxh6+ Kg3 30. Ra2 1-0

[Event "HUN-chT2 Maroczy 0708"]
[Site "Hungary"]
[Date "2008.03.02"]
[Round "7"]
[White "Gara, Gyorgy"]
[Black "Braun, Marton"]
[Result "0-1"]
[WhiteElo "2139"]
[BlackElo "2248"]
[PlyCount "62"]
[EventDate "2007.10.14"]
[EventType "team"]
[EventRounds "11"]
[EventCountry "HUN"]
[SourceTitle "EXT 2009"]
[Source "ChessBase"]
[SourceDate "2008.11.26"]
[SourceVersion "1"]
[SourceVersionDate "2008.11.26"]
[SourceQuality "1"]
[WhiteTeam "Matra"]
[BlackTeam "Sarospatak"]
[WhiteTeamCountry "HUN"]
[BlackTeamCountry "HUN"]

1. d4 d5 2. c4 c6 3. Nf3 Nf6 4. Nc3 e6 5. g3 Be7 6. Bg2 0-0 7. 0-0 Nbd7 8. Qc2 dxc4 9. e4 b5 10. Re1 Bb7 11. Bf4 a6 12. Rad1 Re8 13. a3 Qb6 14. e5 Nd5 15. Ne4 Nxf4 16. gxf4 Nf8 17. Ng3 c5 18. d5 Bxd5 19. Rxd5 exd5 20. f5 Rad8 21. Qd2 f6 22. e6 Bd6 23. Nh5 Re7 24. Nh4 d4 25. Re4 Qc7 26. Rg4 Kh8 27. f4 b4 28. Be4 bxa3 29. bxa3 Rb8 30. Qg2 Qa5 31. h3 Qxa3 0-1